| 000 | 00504nam a2200169Ia 4500 | ||
|---|---|---|---|
| 999 |
_c35378 _d35378 |
||
| 003 | OSt | ||
| 005 | 20201218122823.0 | ||
| 008 | 190216s9999||||xx |||||||||||||| ||und|| | ||
| 040 | _coclc | ||
| 082 |
_a398.903 _bKAR/P |
||
| 100 |
_aKartha, P C _97678 |
||
| 245 | 0 |
_aPazhamchol Prapamcham = A Dictionary Of Proverbs / _cP C Kartha |
|
| 260 |
_bNational Book Stall, _c1997. _aKottayam: |
||
| 300 | _a656p | ||
| 650 | _aMalayalam | ||
| 942 |
_cREF _2ddc _h398.903 _iKAR/P _k398.903 _mKAR/P |
||